Material characterization tests for objects of art and archeology

Gespeichert in:
Bibliographische Detailangaben
1. Verfasser: Odegaard, Nancy
Weitere Verfasser: Carroll, Scott, Zimmt, Werner S.
Format: Buch
Sprache:Englisch
Veröffentlicht: London Archetype Publications 2005
Ausgabe:2nd ed.
Schlagworte:
Online-Zugang:Im OPAC anzeigen
Tags: Tag hinzufügen
Keine Tags, Fügen Sie das erste Tag hinzu!

MARC

LEADER 00000nam a2200000 a 4500
005 20260127134112.0
008 110307 2005 enk 000 0 eng d
020 |a 1904982093 
035 |a vtls010261650 
039 9 |y 201103070905  |z mschk03 
040 |a STUSCHK1  |b slo  |c STUSCHK1  |e AACR2 
100 1 |a Odegaard, Nancy 
245 1 |a Material characterization tests for objects of art and archeology  |c Nancy Odegaard, Scott Carroll, Werner S. Zimmt 
250 |a 2nd ed. 
260 |a London  |b Archetype Publications  |c 2005 
300 |a xii, 230 s.  |b il.  |c 28 cm 
650 0 |a Archaelogy 
650 0 |a Material culture  |x testing 
650 0 |a Chemical tests and reagents 
700 1 |a Carroll, Scott 
700 1 |a Zimmt, Werner S. 
910 |a SCHK95 
919 |a 1-904982-09-3 
999 |c 4121  |d 4121